Southville International School and Colleges
Your cart is empty.
  • Cart
  • Lists
    Public lists Eva Luna New books Lux_list list_1
    Your lists Log in to create your own lists
  • Log in to your account
  • Your cookies
  • Search history
Southville International School and Colleges
  • Advanced search
  • Recent comments
  • Most popular
  • Libraries

Log in to your account

Log in with GOOGLE


If you do not have an external account, but do have a local account, you can still log in:

  1. Home
  2. MARC view: Managing your career to the top /
Normal view MARC view ISBD view

Managing your career to the top / (Record no. 14743)

[ view plain ]
MARC details
000 -LEADER
fixed length control field 00550nam a2200181 a 4500
003 - CONTROL NUMBER IDENTIFIER
control field PILC
005 - DATE AND TIME OF LATEST TRANSACTION
control field 20150112093441.0
008 - FIXED-LENGTH DATA ELEMENTS--GENERAL INFORMATION
fixed length control field 100727s19uu xx 00 eng d
020 ## - INTERNATIONAL STANDARD BOOK NUMBER
International Standard Book Number 971101128X
050 ## - LIBRARY OF CONGRESS CALL NUMBER
Classification number HF 5549.5
Item number .C35 2005
082 ## - DEWEY DECIMAL CLASSIFICATION NUMBER
Classification number SFf 658.406
Item number Sa51 2005
100 ## - MAIN ENTRY--PERSONAL NAME
Personal name Santamaria, Josefina O.
9 (RLIN) 18817
245 ## - TITLE STATEMENT
Title Managing your career to the top /
Statement of responsibility, etc Josefina O. Santamaria
260 ## - PUBLICATION, DISTRIBUTION, ETC. (IMPRINT)
Place of publication, distribution, etc Quezon City, Philippines :
Name of publisher, distributor, etc New Day Publishers,
Date of publication, distribution, etc 2005.
300 ## - PHYSICAL DESCRIPTION
Extent 80 pages :
Dimensions 19 cm.
650 ## - SUBJECT ADDED ENTRY--TOPICAL TERM
Topical term or geographic name as entry element Career development
9 (RLIN) 2039
942 ## - ADDED ENTRY ELEMENTS (KOHA)
Source of classification or shelving scheme Library of Congress Classification
Koha item type Books
Holdings
Withdrawn status Lost status Source of classification or shelving scheme Damaged status Home library Current library Shelving location Date acquired Total Checkouts Full call number Barcode Date last seen Copy number Price effective from Koha item type
    Library of Congress Classification   Southville International School Affiliated with Foreign Universities Library Southville International School Affiliated with Foreign Universities Library Southville Foreign University Section 09/12/2013   HF 5549.5 .C35 2005 SFU1379 05/15/2018 1 09/12/2013 Books

Managing your career to the top /

APA

Santamaria J. O., . (2005). Managing your career to the top. Quezon City, Philippines: New Day Publishers.

Chicago

Santamaria Josefina O, . 2005. Managing your career to the top. Quezon City, Philippines: New Day Publishers.

Harvard

Santamaria J. O., . (2005). Managing your career to the top. Quezon City, Philippines: New Day Publishers.

MLA

Santamaria Josefina O, . Managing your career to the top. Quezon City, Philippines: New Day Publishers. 2005.

  • Place hold
  • Print
  • Cite
  • Add to your cart (remove)
  • Save record
    BIBTEX Dublin Core MARCXML MARC (non-Unicode/MARC-8) MARC (Unicode/UTF-8) MARC (Unicode/UTF-8, Standard) MODS (XML) RIS
  • More searches
    Search for this title in:
    Other Libraries (WorldCat) Other Databases (Google Scholar) Online Stores (Bookfinder.com) Open Library (openlibrary.org)

Exporting to Dublin Core...

SOUTHVILLE LIBRARY

Southville International School and Colleges Library

1281 Tropical Ave. Cor. Luxembourg St., BF Homes International, Las Pinas City

Tel. No. 8256374 / 252358 Loc. 117/146

Powered by Koha